Fundamentos y modelos de procesos de separación: absorción, destilación, evaporación y extracción

Kaydedildi:
Detaylı Bibliyografya
Yazar: Holland, Charles Donald (Yazar)
Materyal Türü: Kitap
Dil:İngilizce
Baskı/Yayın Bilgisi: Englewood Cliffs Prentice-Hall 1981
Konular:
Etiketler: Etiketle
Etiket eklenmemiş, İlk siz ekleyin!

MARC

LEADER 00000nam a2200000 a 4500
001 UCV6973
003 CL-VaPUC
008 881213e19810000US |||||||||||||||||eng|d
082 0 4 |a 660.284  |b HOL  |2 21 
100 |a Holland, Charles Donald  |e author  |9 365767 
245 1 0 |a Fundamentos y modelos de procesos de separación: absorción, destilación, evaporación y extracción 
300 |a 24 p 
942 |c BK 
945 |d 19881213 00:00:00 
260 |a Englewood Cliffs  |b Prentice-Hall  |c 1981 
650 0 |a Procesos químicos  |9 259436 
650 0 |a Modelos matemáticos   |9 259437 
650 0 |a Procesos de manufactura  |9 259371 
583 |a last modification  |c 20120517 11:10:00  |k Rodrigo Vera 
999 |c 212742  |d 212740